000 00786nam a2200217 4500
001 114018
003 ES-MaACL
005 20250829035535.0
007 t|
008 061121s1944 mx r ||||1| spa d
100 1 _aPaine, Thomas.
_988328
245 1 4 _aLos derechos del hombre /
_cThomas Paine ; introducción por H. N. Brailsford ; versión española por José Antonio Fernández de Castro y Tomás Muñoz Molina.
250 _a[1ª ed. en español].
260 _aMéxico :
_bFondo de Cultura Económica,
_c1944.
300 _a262 p. ;
_c24 cm.
700 1 _aBrailsford, H. N.
_931295
700 1 _aFernández de Castro, José Antonio.
_949644
700 1 _aMuñoz Molina, Tomás,
_d1896-
_984463
852 _aES-MaACL
_jD-7534
_bR.29557
999 _c114018
_d114018